000 01775nam a22002657a 4500
016 _a080 ABI
020 _a9789554433601
041 _h1
082 _a080
_bABI
100 _a-
245 _aඅභිස්තව සංග්‍රහය : අතිපූජ්‍ය නාපාන පේමසිරි මහනාහිමි
260 _bකොළඹ
_aරජයේ මුද්‍රණ දෙපාර්තමේන්තුව
_c 2013
300 _a[xviii], 562p.
_c24 cm
365 _b2621.60
650 _aසාමන්‍ය එකතු
650 _aGeneral collection
942 _cR
_n1
999 _c19605
_d19605